You can cope up with stress/ (Record no. 11885)
[ view plain ]
| 000 -LEADER | |
|---|---|
| fixed length control field | 00457nam a22001337a 4500 |
| 008 - FIXED-LENGTH DATA ELEMENTS--GENERAL INFORMATION | |
| fixed length control field | 190111b ||||| |||| 00| 0 eng d |
| 082 ## - DEWEY DECIMAL CLASSIFICATION NUMBER | |
| Edition number | 1988 |
| Classification number | DFil 155.9042 |
| Item number | F11 |
| 100 ## - MAIN ENTRY--PERSONAL NAME | |
| Personal name | Fabella, Armand T. |
| 9 (RLIN) | 33811 |
| 245 ## - TITLE STATEMENT | |
| Title | You can cope up with stress/ |
| Statement of responsibility, etc. | Armand T. Fabella |
| 260 ## - PUBLICATION, DISTRIBUTION, ETC. (IMPRINT) | |
| Place of publication, distribution, etc. | [Philippines]: |
| Name of publisher, distributor, etc. | Philippine Publishing House, |
| Date of publication, distribution, etc. | ©1988 |
| 300 ## - PHYSICAL DESCRIPTION | |
| Extent | 135 pages: |
| Other physical details | color illustrations; |
| Dimensions | 21 cm. |
| 650 ## - SUBJECT ADDED ENTRY--TOPICAL TERM | |
| Topical term or geographic name as entry element | Stress & stress management |
| 9 (RLIN) | 33812 |
| 942 ## - ADDED ENTRY ELEMENTS (KOHA) | |
| Source of classification or shelving scheme | Dewey Decimal Classification |
| Koha item type | Filipiniana |
| Withdrawn status | Lost status | Source of classification or shelving scheme | Damaged status | Not for loan | Collection code | Home library | Current library | Source of acquisition | Total Checkouts | Full call number | Barcode | Date last seen | Copy number | Price effective from | Koha item type |
|---|---|---|---|---|---|---|---|---|---|---|---|---|---|---|---|
| Dewey Decimal Classification | Filipiniana | UM Digos College - LIC | UM Digos College - LIC | Purchased | DFil 155.9042 F11 ©1988 | 16513 | 05/15/2025 | 1 | 01/11/2019 | Filipiniana |
